Statistics for 100 Biggest cities and Townships in Pennsylvania

Click here to take the quiz!

General Stats

  • This quiz has been taken 21 times
  • The average score is 24 of 100

Answer Stats

HintAnswer% Correct
122,827Allentown
94%
1,587,829Philadelphia
94%
302,571Pittsburgh
94%
34,031Chester
88%
49,279Harrisburg
88%
79,166Scranton
88%
41,243Wilkes-Barre
88%
23,862 | 77,755Bethlehem
81%
94,831Erie
81%
59,698Lancaster
75%
95,112Reading
75%
18,857West Chester
69%
27,971 | 46,827York
69%
41,983State College
63%
44,728Altoona
56%
20,577Johnstown
56%
26,951Easton
50%
29,497Williamsport
50%
25,554Lebanon
44%
18,880Carlisle
38%
34,427Norristown
38%
22,480Pottstown
38%
22,851New Castle
31%
27,376Spring
31%
19,484 | 24,255Springfield
31%
83,566Upper Darby
31%
32,374Bethel Park
25%
20,360Chambersburg
25%
25,224Hazleton
25%
19,686McKeesport
25%
19,904Penn
25%
27,395Plum
25%
66,326Bensalem
19%
28,386Monroeville
19%
39,762Northampton
19%
42,302Penn Hills
19%
57,872Abington
13%
53,909Bristol
13%
29,189Cranberry
13%
24,801Derry
13%
21,205Dover
13%
43,135Hempfield
13%
26,343Horsham
13%
58,193Lower Merion
13%
23,525Marple
13%
28,733McCandless
13%
25,461Montgomery
13%
24,786Moon
13%
33,102Mt. Lebanon
13%
19,467Newtown
13%
31,532Radnor
13%
30,939Ridley
13%
24,351Susquehanna
13%
28,544Upper Merion
13%
19,299Upper St. Clair
13%
27,100Whitehall
13%
19,801Baldwin
6%
20,325Buckingham
6%
36,882Cheltenham
6%
34,249Falls
6%
48,689Haverford
6%
31,300Lower Macungie
6%
48,417Lower Paxton
6%
46,176Middletown
6%
53,873Millcreek
6%
19,813Muhlenberg
6%
20,219Murrysville
6%
31,132Ross
6%
19,052Stroud
6%
29,457Tredyffrin
6%
26,098Upper Dublin
6%
21,549Upper Macungie
6%
24,122Upper Moreland
6%
32,772Warminster
6%
23,535Warrington
6%
22,692West Goshen
6%
20,504Coolbaugh
0%
23,839East Hempfield
0%
20,827East Pennsboro
0%
25,710Exeter
0%
28,203Hampden
0%
32,642Lower Makefield
0%
25,623Lower Providence
0%
19,003Lower Southampton
0%
38,701Manheim
0%
19,988Manor
0%
30,749North Huntingdon
0%
20,797Palmer
0%
21,606Peters
0%
28,776Shaler
0%
19,486South Whitehall
0%
26,707Springettsbury
0%
23,741Swatara
0%
22,593Unity
0%
21,591Upper Providence
0%
20,284West Mifflin
0%
19,088Whitpain
0%

Score Distribution

Percentile by Number Answered

Percent of People with Each Score

Your Score History

You have not taken this quiz